000 00588nam a2200193Ia 4500
003 IN-BaIIA
008 211028s9999 xx 000 0 eng d
040 _cIIA Library
080 _a524.3-852
_bALL
100 _aAller, L. H.
_93164
245 0 _aAstrophysics
_bthe atmospheres of the sun and stars
_cL. H. Aller
260 _aNew York
_c1953
300 _a455p.
500 _aDonated by Mrs. Bappu
650 _aAstronomy and Astrophysics Thesaurus
650 _aStellar Atmospheres
_91135
650 _aStellar Structure
942 _cBK
999 _c7599
_d7599